000 01451nam2a2200373 4500
001 RU\NLR\bibl\390634
005 20250622160519.0
010 _a5-86188-016-6
_950000
021 _aRU
_b2003-7485
_9346
035 _a(NLR Aleph) 000384939
090 _a479189
_c479189
100 _a20030408d2003 |||y0rusy50 ca
101 0 _arus
102 _aRU
105 _ay |||||||||
200 1 _aРокировка
_eПервая кн. дилогии
210 _d2003
_aБ. м.
215 _a252, [2] с.
461 0 _1001RU\NLR\bibl\404023
_12001#$aНевидимки$v[1]
_9558132
_aЧеркасов, Д. (писатель ; 1965-2003)
_cСПб.
_d2003
_fДмитрий Черкасов при участии Оливера Канна
_nОператив. прикрытие
_tНевидимки
_v[1]
610 0 _aОрганы государственной безопасности (х. л.)
610 0 _aОрганизованная преступность - Борьба с ней (х. л.)
610 0 _aДетективные романы и рассказы (х. л.)
675 _a821.161.1-31Черкасов
_v3
_zrus
686 _a17.82
_2rugasnti
686 _a84(2Рос-Рус)6-44
_2rubbk
686 _aШ6(2=Р)75-446
801 0 _aRU
_bRKP
_c20030408
_gPSBO
801 1 _aRU
_bRKP
_c20030408
801 2 _aRU
_bNLR
_c20030626
_grcr
942 _cBOOK
980 _aNB